[Event "YUG-ch sf"]
[Site "Pula"]
[Date "1988.01.28"]
[Round "11"]
[White "Ilic, Dragan D"]
[Black "Kocovski, Ivan"]
[Result "1/2-1/2"]
[WhiteElo "2420"]
[BlackElo "2330"]
[PlyCount "63"]
[EventDate "1988.01.17"]
[EventType "swiss"]
[EventRounds "13"]
[EventCountry "CRO"]
[SourceTitle "EXT 2018"]
[Source "ChessBase"]
[SourceDate "2017.10.13"]
[SourceVersion "1"]
[SourceVersionDate "2017.10.13"]
[SourceQuality "1"]

1. d4 Nf6 2. c4 c5 3. d5 b5 4. cxb5 a6 5. bxa6 Bxa6 6. Nc3 d6 7. Nf3 g6 8. g3 Bg7 9. Bg2 Nbd7 10. 0-0 Nb6 11. Re1 0-0 12. h3 Nfd7 13. Qc2 Nc4 14. Rb1 Qa5 15. Na4 Bb5 16. Nc3 Rfb8 17. Nxb5 Qxb5 18. b3 Na3 19. Bxa3 Rxa3 20. Qe4 Kf8 21. Qh4 h6 22. e4 Rxa2 23. Bf1 Qb4 24. Bc4 Qc3 25. Re3 Qf6 26. Qf4 g5 27. Qxf6 Bxf6 28. Rbe1 Ne5 29. Nxe5 Bxe5 30. R3e2 Rba8 31. Rxa2 Rxa2 32. Re2 1/2-1/2

[Event "YUG-ch sf"]
[Site "Pula"]
[Date "1988.01.27"]
[Round "10"]
[White "Todorovic, Goran M"]
[Black "Ilic, Dragan D"]
[Result "1-0"]
[WhiteElo "2425"]
[BlackElo "2420"]
[PlyCount "57"]
[EventDate "1988.01.17"]
[EventType "swiss"]
[EventRounds "13"]
[EventCountry "CRO"]
[SourceTitle "EXT 2018"]
[Source "ChessBase"]
[SourceDate "2017.10.13"]
[SourceVersion "1"]
[SourceVersionDate "2017.10.13"]
[SourceQuality "1"]

1. d4 Nf6 2. c4 d6 3. Nc3 g6 4. e4 Bg7 5. f4 0-0 6. Nf3 c5 7. d5 e6 8. Be2 exd5 9. cxd5 b5 10. e5 dxe5 11. fxe5 Ng4 12. Bf4 Nd7 13. e6 fxe6 14. dxe6 Rxf4 15. Qd5 Kh8 16. Qxa8 Nb6 17. Qxa7 Ne3 18. e7 Nxg2+ 19. Kf2 Bd4+ 20. Kxg2 Bh3+ 21. Kxh3 Qc8+ 22. Kg2 Qg4+ 23. Kf1 Rxf3+ 24. Ke1 Bf2+ 25. Kd1 Rd3+ 26. Kc1 Rxc3+ 27. bxc3 Qxe2 28. Qb8+ Kg7 29. Qf8# 1-0

[Event "YUG-ch sf"]
[Site "Pula"]
[Date "1988.01.25"]
[Round "8"]
[White "Ilic, Dragan D"]
[Black "Maksimovic, Branimir"]
[Result "0-1"]
[WhiteElo "2420"]
[BlackElo "2400"]
[PlyCount "80"]
[EventDate "1988.01.17"]
[EventType "swiss"]
[EventRounds "13"]
[EventCountry "CRO"]
[SourceTitle "EXT 2018"]
[Source "ChessBase"]
[SourceDate "2017.10.13"]
[SourceVersion "1"]
[SourceVersionDate "2017.10.13"]
[SourceQuality "1"]

1. d4 e6 2. c4 Nf6 3. Nc3 Bb4 4. e3 d5 5. a3 Bxc3+ 6. bxc3 c5 7. cxd5 exd5 8. Bd3 0-0 9. Ne2 Nc6 10. 0-0 Ne7 11. Ng3 b6 12. Ra2 Be6 13. f3 h5 14. Raf2 h4 15. Ne2 Bf5 16. Bxf5 Nxf5 17. e4 Ne7 18. e5 Nh7 19. f4 f5 20. Rf3 Rf7 21. Rh3 Ng6 22. Qd3 Nhf8 23. Qf3 Rc8 24. Qh5 Rc6 25. Be3 Qc8 26. dxc5 bxc5 27. Bf2 Qa6 28. Qf3 Qc4 29. Bxh4 Ra6 30. Qh5 Nxh4 31. Qxh4 Rh6 32. Qf2 Rxh3 33. gxh3 Rb7 34. Qe3 Ne6 35. Qf3 Rb2 36. Rf2 Rd2 37. Qh5 Rd1+ 38. Kg2 Qe4+ 39. Kg3 Rd3+ 40. Kh4 g5+ 0-1

[Event "YUG-ch sf"]
[Site "Pula"]
[Date "1988.01.21"]
[Round "5"]
[White "Bogdanovski, Vlatko"]
[Black "Ilic, Dragan D"]
[Result "1/2-1/2"]
[WhiteElo "2460"]
[BlackElo "2420"]
[PlyCount "98"]
[EventDate "1988.01.17"]
[EventType "swiss"]
[EventRounds "13"]
[EventCountry "CRO"]
[SourceTitle "EXT 2018"]
[Source "ChessBase"]
[SourceDate "2017.10.13"]
[SourceVersion "1"]
[SourceVersionDate "2017.10.13"]
[SourceQuality "1"]

1. d4 Nf6 2. Nf3 g6 3. Bg5 Bg7 4. c3 0-0 5. Nbd2 d6 6. e4 c6 7. Bd3 Nbd7 8. 0-0 e5 9. a4 Re8 10. Re1 Qc7 11. Bc2 h6 12. Bh4 Nf8 13. Nc4 Bg4 14. h3 Bxf3 15. Qxf3 N6h7 16. dxe5 dxe5 17. Rad1 Ne6 18. Rd2 Nhg5 19. Qe3 b6 20. Bg3 Red8 21. h4 Nh7 22. Red1 Rxd2 23. Qxd2 Rd8 24. Qc1 Rxd1+ 25. Qxd1 Nhf8 26. Qd6 Nd7 27. Qxc7 Nxc7 28. Kf1 Kf8 29. f3 Ke7 30. Be1 Ne8 31. Ke2 Nd6 32. Nxd6 Kxd6 33. Bb3 Ke7 34. Bf2 Bf8 35. a5 f6 36. axb6 axb6 37. Bg8 Ke8 38. Be3 g5 39. h5 Bc5 40. Bd2 Ke7 41. Ba2 b5 42. g3 Nf8 43. f4 Ne6 44. Kf3 exf4 45. Bxe6 Kxe6 46. gxf4 Bb6 47. b3 Ba5 48. Be1 Bc7 49. f5+ Ke7 1/2-1/2

[Event "YUG-ch sf"]
[Site "Pula"]
[Date "1988.01.20"]
[Round "4"]
[White "Ilic, Dragan D"]
[Black "Basagic, Zlatko"]
[Result "1/2-1/2"]
[WhiteElo "2420"]
[BlackElo "2395"]
[PlyCount "27"]
[EventDate "1988.01.17"]
[EventType "swiss"]
[EventRounds "13"]
[EventCountry "CRO"]
[SourceTitle "EXT 2018"]
[Source "ChessBase"]
[SourceDate "2017.10.13"]
[SourceVersion "1"]
[SourceVersionDate "2017.10.13"]
[SourceQuality "1"]

1. d4 d6 2. Nf3 g6 3. c4 Bg7 4. Nc3 Nf6 5. e4 Bg4 6. Be2 0-0 7. 0-0 Nfd7 8. Be3 Bxf3 9. Bxf3 Nc6 10. d5 Na5 11. Be2 Nb6 12. Bd4 Bxd4 13. Qxd4 c5 14. dxc6 1/2-1/2